KÜÇÜK KAHRAMANLAR OSMANLI'NIN KURULUŞUNDA (Record no. 1189830)

MARC details
000 -LEADER
sabit uzunluktaki kontrol alanı 00287nam a2200097Ia 4500
001 - KONTROL NUMARASI
kontrol alanı 1189830
005 - EN SON İŞLEMİN TARİH VE ZAMANI
kontrol alanı 20250827021606.0
008 - SABİT-UZUNLUKTA VERİ ÖĞELERİ--GENEL BİLGİ
sabit uzunluktaki kontrol alanı 250824s9999 xx 000 0 und d
245 #0 - ESER / YAZAR
ESER ADI KÜÇÜK KAHRAMANLAR OSMANLI'NIN KURULUŞUNDA
Yazar Adı YUNUS EMRE ÖZSARAY
260 ## - YAYIN, DAĞITIM, VB.
YAYIN EVİ SEMERKAND ÇOCUK YAYINLARI
Holdings
Düşüm durumu Kayıp durumu Hasar Durumu Ödünç verilmez Ana kütüphane Geçerli Kütüphane Edinilen tarih Toplam ödünç verme sayısı Barkod Son görüntüleme tarihi Fiyatın geçerli olmaya başladığı tarih Koha materyal türü
        AHMET HAZIM ULUŞAHİN İMAM HATİP ORTAOKULU AHMET HAZIM ULUŞAHİN İMAM HATİP ORTAOKULU 24.08.2025   10993715 27.08.2025 27.08.2025 Books